000 00973nam a2200277 i 4500
001 bg
003 KOSZ 005
005 20200102143921.0
008 071115s1967 pl a f 000 0 pol
015 _aPB 1967/2118
040 _aWA N
_cKOSZ 005/RW
_dKOSZ 005/RW
080 _a621
100 1 _aWęgrzyn, Jan
_d(1923-2011)
_eAutor.
245 1 0 _aAutomatyczne spawanie i napawanie pod topnikiem /
_cJan Węgrzyn, Roman Korkiewicz.
260 _aWarszawa :
_bWydawnictwa Naukowo-Techniczne,
_c1967.
300 _a288, [1] s., [1] k. tabl. :
_bil. ;
_c23 cm.
380 _aKsiążki.
504 _aBibliogr. s. 288-[289].
521 8 _aDla techników i inżynierów.
655 4 _aPodręcznik
650 4 _aSpawalnictwo
700 1 _aKorkiewicz, Roman.
710 2 _aWydawnictwa Naukowo-Techniczne
_4pbl.
856 _uhttp://koha.tu.koszalin.pl/cgi-bin/koha/opac-detail.pl?biblionumber=10041
_yKatalog online BPK
942 _2UKD
_cKS
999 _c10041
_d10041